000 00423nam a2200181Ia 4500
001 21510
005 20260306172924.0
008 260306t2011||||xx |||||||||||||| ||spa||
041 _aESP
082 _a658.23
_bT69
100 _aTompkins, James A.
_eAUT
245 0 _aPlaneación de instalaciones
260 _c2011
300 _a853 pƔginas
_c27 cm.
650 _aGEN
654 _aCAN
942 _cLIB
_dJUS
_fJUS
_2ddc
_n
999 _c21510
_d21510